<?xml version="1.0" encoding="UTF-8"?>
<record
    xmlns:xsi="http://www.w3.org/2001/XMLSchema-instance"
    xsi:schemaLocation="http://www.loc.gov/MARC21/slim http://www.loc.gov/standards/marcxml/schema/MARC21slim.xsd"
    xmlns="http://www.loc.gov/MARC21/slim">

  <leader>01908nam a2200481 a 4500</leader>
  <controlfield tag="005">20240515103040.0</controlfield>
  <controlfield tag="008">100325e2016||||ag     f |||| 001 0 spa d</controlfield>
  <datafield tag="020" ind1=" " ind2=" ">
    <subfield code="a">9789871639564</subfield>
  </datafield>
  <datafield tag="041" ind1=" " ind2=" ">
    <subfield code="a">spa</subfield>
  </datafield>
  <datafield tag="092" ind1=" " ind2=" ">
    <subfield code="c">616.132</subfield>
    <subfield code="l">34</subfield>
    <subfield code="s">HIP</subfield>
  </datafield>
  <datafield tag="245" ind1=" " ind2=" ">
    <subfield code="a">Hipertensi&#xF3;n de todos los d&#xED;as /</subfield>
    <subfield code="c">Paula Cuffaro</subfield>
  </datafield>
  <datafield tag="250" ind1=" " ind2=" ">
    <subfield code="a">1a ed.</subfield>
  </datafield>
  <datafield tag="260" ind1=" " ind2=" ">
    <subfield code="a">Buenos Aires: </subfield>
    <subfield code="b">delhospital ediciones;</subfield>
    <subfield code="c">2016.</subfield>
  </datafield>
  <datafield tag="300" ind1=" " ind2=" ">
    <subfield code="a">224 p.</subfield>
    <subfield code="c">22x16 cm.</subfield>
  </datafield>
  <datafield tag="500" ind1=" " ind2=" ">
    <subfield code="a">Cuffaro, P. et al. (2016). Hipertensi&#xF3;n de todos los d&#xED;as. (1a ed.). Buenos Aires : delhospital ediciones.</subfield>
  </datafield>
  <datafield tag="653" ind1=" " ind2=" ">
    <subfield code="a">Conceptos fisiopatol&#xF3;gicos para razonar el tratamiento anithipertensivo</subfield>
  </datafield>
  <datafield tag="653" ind1=" " ind2=" ">
    <subfield code="a">Monitoreo ambulatorio de presi&#xF3;n arterial</subfield>
  </datafield>
  <datafield tag="653" ind1=" " ind2=" ">
    <subfield code="a">Monitoreo domiciliario de la presi&#xF3;n arterial</subfield>
  </datafield>
  <datafield tag="653" ind1=" " ind2=" ">
    <subfield code="a">Velocidad de la onda de pulso</subfield>
  </datafield>
  <datafield tag="653" ind1=" " ind2=" ">
    <subfield code="a">Medici&#xF3;n de la presi&#xF3;n a&#xF3;rtica central</subfield>
  </datafield>
  <datafield tag="653" ind1=" " ind2=" ">
    <subfield code="a">Cardiograf&#xED;a de impedancia</subfield>
  </datafield>
  <datafield tag="653" ind1=" " ind2=" ">
    <subfield code="a">Hipertensi&#xF3;n arterial en ancianos</subfield>
  </datafield>
  <datafield tag="653" ind1=" " ind2=" ">
    <subfield code="a">Hipertensi&#xF3;n sist&#xF3;lica aislada en j&#xF3;venes</subfield>
  </datafield>
  <datafield tag="653" ind1=" " ind2=" ">
    <subfield code="a">Hipertensi&#xF3;n arterial en ni&#xF1;os y adolescentes</subfield>
  </datafield>
  <datafield tag="653" ind1=" " ind2=" ">
    <subfield code="a">Hipertensi&#xF3;n arterial y embarazo</subfield>
  </datafield>
  <datafield tag="653" ind1=" " ind2=" ">
    <subfield code="a">Hipertensi&#xF3;n arterial y diabetes</subfield>
  </datafield>
  <datafield tag="653" ind1=" " ind2=" ">
    <subfield code="a">Hipertensi&#xF3;n arterial e insuficiencia renal</subfield>
  </datafield>
  <datafield tag="653" ind1=" " ind2=" ">
    <subfield code="a">Hipertensi&#xF3;n arterial resistente</subfield>
  </datafield>
  <datafield tag="653" ind1=" " ind2=" ">
    <subfield code="a">Alimentaci&#xF3;n, estilo de vida y conductas por una salud arterial mejor. Reflexiones y estrategias</subfield>
  </datafield>
  <datafield tag="653" ind1=" " ind2=" ">
    <subfield code="a">Estrategias para mejorar el control de la hipertensi&#xF3;n arterial</subfield>
  </datafield>
  <datafield tag="700" ind1="1" ind2=" ">
    <subfield code="a">Alfie, Jos&#xE9;</subfield>
    <subfield code="9">3437</subfield>
  </datafield>
  <datafield tag="700" ind1="1" ind2=" ">
    <subfield code="a">Aparicio, Lucas</subfield>
    <subfield code="9">3438</subfield>
  </datafield>
  <datafield tag="700" ind1="1" ind2=" ">
    <subfield code="a">Barochiner, Jessica</subfield>
    <subfield code="9">3439</subfield>
  </datafield>
  <datafield tag="700" ind1="1" ind2=" ">
    <subfield code="a">Cuffaro, Paula</subfield>
    <subfield code="9">3440</subfield>
  </datafield>
  <datafield tag="700" ind1="1" ind2=" ">
    <subfield code="a">Galarza, Carlos</subfield>
    <subfield code="9">3441</subfield>
  </datafield>
  <datafield tag="700" ind1="1" ind2=" ">
    <subfield code="a">Ghezzi, Lidia</subfield>
    <subfield code="9">3442</subfield>
  </datafield>
  <datafield tag="700" ind1="1" ind2=" ">
    <subfield code="a">Janson, Jorge</subfield>
    <subfield code="9">3443</subfield>
  </datafield>
  <datafield tag="700" ind1="1" ind2=" ">
    <subfield code="a">Mar&#xED;n, Marcos</subfield>
    <subfield code="9">3444</subfield>
  </datafield>
  <datafield tag="700" ind1="1" ind2=" ">
    <subfield code="a">Morales, Margarita</subfield>
    <subfield code="9">3445</subfield>
  </datafield>
  <datafield tag="700" ind1="1" ind2=" ">
    <subfield code="a">Rada, Marcelo</subfield>
    <subfield code="9">3446</subfield>
  </datafield>
  <datafield tag="700" ind1="1" ind2=" ">
    <subfield code="a">Waisman, Gabriel</subfield>
    <subfield code="9">3447</subfield>
  </datafield>
  <datafield tag="942" ind1=" " ind2=" ">
    <subfield code="2">ddc</subfield>
    <subfield code="c">BK</subfield>
  </datafield>
  <datafield tag="999" ind1=" " ind2=" ">
    <subfield code="c">2604</subfield>
    <subfield code="d">2604</subfield>
  </datafield>
  <datafield tag="952" ind1=" " ind2=" ">
    <subfield code="0">0</subfield>
    <subfield code="1">0</subfield>
    <subfield code="2">ddc</subfield>
    <subfield code="4">0</subfield>
    <subfield code="7">0</subfield>
    <subfield code="8">REF</subfield>
    <subfield code="a">BFM</subfield>
    <subfield code="b">BFM</subfield>
    <subfield code="c">REF</subfield>
    <subfield code="d">2017-12-15</subfield>
    <subfield code="e"> 	Donaci&#xF3;n DelHospital Ediciones Hospital Italiano, Diciembre 2017</subfield>
    <subfield code="l">0</subfield>
    <subfield code="o">616.132 34 HIP</subfield>
    <subfield code="p">4095</subfield>
    <subfield code="r">2017-12-15</subfield>
    <subfield code="t">Ej. 1</subfield>
    <subfield code="w">2017-12-15</subfield>
    <subfield code="y">REF</subfield>
    <subfield code="z"> 	Donaci&#xF3;n DelHospital Ediciones Hospital Italiano, Diciembre 2017</subfield>
  </datafield>
  <datafield tag="952" ind1=" " ind2=" ">
    <subfield code="0">0</subfield>
    <subfield code="1">0</subfield>
    <subfield code="2">ddc</subfield>
    <subfield code="4">0</subfield>
    <subfield code="7">0</subfield>
    <subfield code="a">BFM</subfield>
    <subfield code="b">BFM</subfield>
    <subfield code="c">CR</subfield>
    <subfield code="d">2017-12-15</subfield>
    <subfield code="e"> Donaci&#xF3;n DelHospital Ediciones Hospital Italiano, Diciembre 2017</subfield>
    <subfield code="l">2</subfield>
    <subfield code="o">616.132 34 HIP</subfield>
    <subfield code="p">4096</subfield>
    <subfield code="r">2018-05-24</subfield>
    <subfield code="s">2018-05-22</subfield>
    <subfield code="t">Ej. 2</subfield>
    <subfield code="w">2017-12-15</subfield>
    <subfield code="y">BK</subfield>
    <subfield code="z"> Donaci&#xF3;n DelHospital Ediciones Hospital Italiano, Diciembre 2017</subfield>
  </datafield>
  <datafield tag="952" ind1=" " ind2=" ">
    <subfield code="0">0</subfield>
    <subfield code="1">0</subfield>
    <subfield code="2">ddc</subfield>
    <subfield code="4">0</subfield>
    <subfield code="7">0</subfield>
    <subfield code="a">BFM</subfield>
    <subfield code="b">BFM</subfield>
    <subfield code="c">CR</subfield>
    <subfield code="d">2017-12-15</subfield>
    <subfield code="e"> Donaci&#xF3;n DelHospital Ediciones Hospital Italiano, Diciembre 2017</subfield>
    <subfield code="l">0</subfield>
    <subfield code="o">616.132 34 HIP</subfield>
    <subfield code="p">4097</subfield>
    <subfield code="r">2017-12-15</subfield>
    <subfield code="t">Ej. 3</subfield>
    <subfield code="w">2017-12-15</subfield>
    <subfield code="y">BK</subfield>
    <subfield code="z"> Donaci&#xF3;n DelHospital Ediciones Hospital Italiano, Diciembre 2017</subfield>
  </datafield>
</record>
